| 000 | 00383nam a22001577a 4500 | ||
|---|---|---|---|
| 003 | macl | ||
| 005 | 20171207171825.0 | ||
| 008 | 171207b xxu||||| |||| 00| 0 eng d | ||
| 040 | _cmacl | ||
| 082 | _a920/PAW | ||
| 100 |
_aKalpama pawar _969618 |
||
| 245 | _aBiography of swami vivekananda | ||
| 260 |
_aGuwahati _bARB pub. _c2015 |
||
| 650 |
_aBiography _969619 |
||
| 942 |
_2ddc _cBK |
||
| 999 |
_c57197 _d57197 |
||